01207cam a22002533a 45000010008000000030009000080050017000170070008000340080040000420100006000820200015000880400025001032400025001282450080001532600050002333000034002834900016003175000022003335000022003555050520003776000009008977000031009068300016009370000718DO-SdBNP20161012110233.00000718861112   1994 sp ac         000 0 spa d  a   a8401315093  aBPMSUcspadBPMSUd   aPeople in the past /00aVivir en el pasado benciclopedia ilustrada /ctraductor Josep Sala Barbany  aBarcelona :bPlaza & Janés editores,c1994.  a49 p. :bil., retratoc31 cm.  aPlaza joven  aIncluye Glosario.  aIncluye índice.2 tCazadores y recolectores --tLos primeros granjeros --tLos grandes inventores --tLos egipcios --tLas ganas de vencer --tLa vida en la antigua Roma --tComida del nuevo mundo --tInvasores del mar --tLas cruzadas --tMarco Polo --tEl renacimiento --tEl código del guerrero --tRecién llegados a una nueva tierra --tEl reino del oro --tCatalina La Grande --tLa revolución --tLas riquezas de la industria --tLos pioneros --tLa guerra civil Norteamericana --tEn la escuela --tGlosario e índice --00a x 12aSala Barbany, Josepetrad.  aPlaza joven